00347nam a2200121 a 4500001000400000003000500004005001700009008004100026040002000067100002900087245008900116260002000205595CDMR20130116135156.0130130s1975||||||||||||||||||||||||||||d aCDMRbcatcCDMR1 aSoler Andrés, Santiago10aCredibilidad y aspectos afines en la información televisivacSantiago Soler Andres aBarcelonac1975